Pays n'ayant jamais participé à Miss Univers - Statistiques

Statistiques générales
  • Ce quiz a été pris 245 fois
  • Le résultat moyen est 33 sur 77
Statistiques - réponses
Pays % Correct
Algerie
65%
Afghanistan
64%
Arabie Saoudite
61%
Yemen
61%
Monaco
58%
Qatar
58%
République démocratique du Congo
58%
Syrie
58%
Andorre
57%
République du Congo
57%
Vatican
57%
Guinée
56%
Oman
55%
Mali
54%
Émirats arabes unis
51%
Niger
51%
Pakistan
51%
Saint-Marin
51%
Libye
50%
Bahreïn
49%
Djibouti
49%
Guinée-Bissau
49%
Liechtenstein
49%
Mauritanie
49%
Rwanda
49%
Soudan
49%
Togo
49%
Brunei
48%
Ouzbékistan
48%
Comores
46%
Fidji
46%
Koweït
46%
Somalie
45%
Tchad
45%
Zimbabwe
45%
Érythrée
44%
Seychelles
44%
Benin
43%
Cap-Vert
43%
Tadjikistan
43%
Vanuatu
43%
Bhoutan
42%
Burundi
42%
Guinée équatoriale
42%
Kiribati
42%
Soudan du Sud
42%
Maldives
41%
Saint-Vincent-et-les- Grenadines
41%
Samoa
41%
Senegal
41%
Tonga
40%
Îles Marshall
39%
Nauru
39%
Palaos
39%
Saint-Christophe- et-Niévès
39%
Azerbaïdjan
38%
Ouganda
38%
Timor oriental
37%
Salomon
36%
Malawi
35%
Mozambique
35%
Burkina Faso
34%
Côte d'Ivoire
34%
République Centrafricaine
34%
Bangladesh
33%
Sao Tomé-et- Principe
32%
Antigua-et- Barbuda
31%
Cameroun
30%
Chypre
29%
Botswana
28%
Moldavie
27%
Suriname
25%
Cuba
23%
Biélorussie
22%
Estonie
20%
Bosnie- Herzégovine
19%
Macedonie du Nord
1%
Aucun quiz correspondant
Distribution des résultats
% des personnes avec chaque résultat
Percentile par nombre de réponses
Votre historique - résultats
Vous n’avez pas pris ce quiz